000
00256nam a2200109Ia 4500
008
240625s9999 xx 000 0 und d
041
_a
eng
082
_a
658.8 HUT
100
_a
HUTT MICHAEL D
245
_a
BUSINESS MARKETING MANAGEMENT B2B
260
_c
2012
999
_c
38188
_d
38188